Do Financial Systems in Europe Converge? Evidence from Enterprise Financial Liabilities Comparing Eurozone and Non-Eurozone Countries

Cieľom štúdie je zistiť, či európske finančné systémy, teda prístup, efektívnosť a využívanie finančných služieb podnikmi, boli predmetom procesu konvergencie. Zamerali sme sa na dôležité nástroje financovania – akcie, bankové úvery, dlhové cenné papiere a obchodné úvery. Konvergencie boli hodnotené...

Full description

Saved in:
Bibliographic Details
Main Author: Krištofík, Peter
Other Authors: Šlampiaková, Lea, 1992-, Fendeková, Jana
Format: Book Chapter
Language:English
Subjects:
Tags: Add Tag
No Tags, Be the first to tag this record!

MARC

LEADER 00000naa a2200000 4500
001 0304599
005 20250423081632.5
041 0 |a eng 
044 |a LT 
245 1 0 |a Do Financial Systems in Europe Converge? Evidence from Enterprise Financial Liabilities Comparing Eurozone and Non-Eurozone Countries  |c Peter Krištofík, Lea Šlampiaková, Jana Fendeková 
520 |a Cieľom štúdie je zistiť, či európske finančné systémy, teda prístup, efektívnosť a využívanie finančných služieb podnikmi, boli predmetom procesu konvergencie. Zamerali sme sa na dôležité nástroje financovania – akcie, bankové úvery, dlhové cenné papiere a obchodné úvery. Konvergencie boli hodnotené v rámci samostatných geografických oblastí; Krajiny eurozóny a krajiny mimo eurozóny. 
610 2 0 |a konvergencia 
610 2 0 |a akcie 
610 2 0 |a úver bankový 
610 2 0 |a papiere cenné 
610 2 0 |a úver obchodný 
100 1 |a Krištofík, Peter 
700 1 |a Šlampiaková, Lea, 1992- 
700 1 |a Fendeková, Jana